01430cas a2200265 a 4500999001700000005001700017008004100034022001400075040007900089041001300168044000700181090000700188245006400195246004200259246006400301260010500365300002800470650005200498650007300550710007400623776009800697942001500795952017700810952017700987 c17364d1736420181016153243.0970123d19962012bo uu p 0 0spa c a1997-1192 aVXGcVXGdIXAdDLCdOCLCQdCUSdOCLCQdOCLCFdOCLCOdHLSdOCLCAdCO-BoIAVH0 aspabeng ack aSE00aRevista boliviana de ecología y conservación ambiental.30aEcología y conservación ambiental13aBolivian magazine of ecology and environmental conservation aCochabamba, Bolivia :bCentro de Ecología Simón I. Patiño, Departamento de Difusión,c1996-. bilustraciones ;c28 cm.26aEcologíazBoliviavPublicaciones periódicas26aConservación de la naturalezazBoliviavPublicaciones periódicas2 aCentro de Ecología Simón I. PatiñobDepartamento de Difusión.08iOnline version:tRevista boliviana de ecología y conservación ambientalw(OCoLC)646924567 2zcREVISTA 00102z40708HEMEROTECAA2004C16IINV2017aBogotabBogotad2005-11-21hNúmero 16 (01/12/2004)l0oSEp022348r2015-03-25 00:00:00tEj. 1w2015-03-25xDonacionyREVISTA 00102z40708HEMEROTECAA2008C23IINV2018aBogotabBogotad2018-10-16hNúmero 23 (01/12/2008)l0oSEp041820r2018-10-16 00:00:00tEj. 1w2018-10-16xDonacionyREVISTA